El arte de empezar 2.0: la guía definitiva para empezar cualquier negocio en un mundo 2.0 (Registro nro. 11032)

Detalles MARC
000 -Cabecera
Campo de control de longitud fija 01132nam a22003977a 4500
005 - Fecha y hora de la última transacción
Campo de control 20250811092629.0
008 - Elementos de longitud fija--Información general
Campo de control de longitud fija 180822b2016 xxu||||| |||| 00| 0 spa d
020 ## - International Standard Book Number
Número Internacional Estándar del Libro (ISBN) 9786077471653
041 ## - Idioma
Código de idioma Español
082 ## - Clasificación Decimal Dewey
Número de clasificación 658.409.2 K22a
100 ## - Entrada principal--Autor personal
Nombre personal Kawasaki, Guy
9 (RLIN) 49345
245 ## - Título propiamente dicho
Título El arte de empezar 2.0: la guía definitiva para empezar cualquier negocio en un mundo 2.0
260 ## - Pie de imprenta
Lugar de publicación, distribución, etc. México
260 ## - Pie de imprenta
Nombre del editor, distribuidor, etc. Paidós
260 ## - Pie de imprenta
Fecha de publicación, distribución, etc. 2016
300 ## - Descripción física
Extensión 396 páginas
490 ## - Serie
Título de la Serie Dirección y Administración de Empresas
650 ## - Materia general
Temática (materia general) LIDERAZGO EJECUTIVO
650 ## - Materia general
Temática (materia general) EMPRENDIMIENTO
650 ## - Materia general
Temática (materia general) EMPRENDEDURISMO
650 ## - Materia general
Temática (materia general) BOOTSTRAPPING
650 ## - Materia general
Temática (materia general) STARTUPS
650 ## - Materia general
Temática (materia general) MARKETING ONLINE
650 ## - Materia general
Temática (materia general) MARKETING DIGITAL
650 ## - Materia general
Temática (materia general) TECNOLOGÍAS 2.0
650 ## - Materia general
Temática (materia general) LIDERAZGO
650 ## - Materia general
Temática (materia general) INNOVACIÓN EMPRESARIAL
650 ## - Materia general
Temática (materia general) LIDERAZGO EMPRESARIAL
650 ## - Materia general
Temática (materia general) CREACIÓN DE EMPRESAS
650 ## - Materia general
Temática (materia general) DESARROLLO DE NEGOCIOS
650 ## - Materia general
Temática (materia general) GESTIÓN DE STARTUPS
650 ## - Materia general
Temática (materia general) PLAN DE NEGOCIOS
650 ## - Materia general
Temática (materia general) EMPRENDEDORES TECNOLÓGICOS
650 ## - Materia general
Temática (materia general) ESTRATEGIAS DIGITALES
942 ## - Punto de acceso adicional KOHA
Tipo de ítem KOHA Libro
Fuente del sistema de clasificación o colocación Dewey Decimal Classification
Existencias
Signatura completa Código de barras Programa Académico Tipo de ítem
658.409.2 K22a 23382 Dirección y Administración de Empresas Libro